• 首页
  • 本馆介绍
  • 公告通知
  • 最新文献
  • 馆藏检索
  • 电子资源
  • 读者导购
  • 参考咨询
  • 我的图书馆
  • 登录
  • 详细信息显示
  • 放入我的书架
  • 预约/预借图书
  • 作者相关作品
  • 分类相关作品
  • 丛书相关作品
  • 出版社相关作品

书目信息

  • 表格格式
  • 工作单格式
  • 卡片格式
题名:
牙买加史
    
 
作者: Hurwitz , 赫维茨 , Hurwitz , 赫维茨 著 ;南开大学历史系 译
分册:  
出版信息: 天津   天津人民出版社  1979
页数: 422页
开本: 20cm
丛书名:
单 册:
中图分类: K754.0 , K754
科图分类:
主题词: 历史-牙买加 , 西印度群岛--历史
电子资源:
ISBN:
000 00944nam0 2200337 45
001 0179007325
005 20060801085803.93
010    @dCNY1.16
091    @a11072.31
100    @a19950725d1979 em y0chiy0121 ea
101 1  @achi@ceng
102    @aCN@b120000
105    @ay z 000yy
200 10 @a牙买加史@Aya mai jia shi@f( )赫维茨(S.J.Hurwitz),赫维茨(E.F.Hurwitz)著@g南开大学历史系译
210    @a天津@c天津人民出版社@d1979
215    @a422页@d20cm
300    @a内部读物
300    @a书名原文:Jamaica
510 1  @aJamaica
606    @a历史-牙买加
606 0  @a西印度群岛@x历史
607    @a牙买加@x历史
690    @aK754.0@v3
690    @aK754
701 A1 @aHurwitz@bS.J.@4著
701  1 @a赫维茨@Ahe wei ci@bE.F.@4著
701 A1 @aHurwitz@bE.F.@4著
701  1 @a赫维茨@Ahe wei ci@bS.J.@4著
712 02 @a南开大学历史系@Anan kai da xue li shi xi@4译
801  0 @aCN@bNLC@c20060801
905    @f1@b15030@dK754@e1
    
    牙买加史/( )赫维茨(S.J.Hurwitz),赫维茨(E.F.Hurwitz)著/南开大学历史系译.-天津:天津人民出版社,1979
    422页;20cm
    内部读物.-书名原文:Jamaica
    
    ISBN :CNY1.16
    
●
相关链接 在E读中查询图书 在五车中查询图书 在当当中查询图书 在豆瓣中查询图书


正题名:牙买加史     索取号:K754/1         预约/预借

序号 登录号 条形码 馆藏地/架位号 状态 备注
1 0015029   001413973   第二样本阅览室/ [索取号:K754/1] 在馆    
2 0015030   001413955   密集书库/ [索取号:K754/1] 在馆    
3 0444043   204440435   密集书库/ [索取号:K754/1] 在馆    
唐山师范学院图书馆 欢迎您!
大连网信软件有限公司© 版权所有